[Event "Moscow ol (Men)"]
[Site "Moscow"]
[Date "1994.??.??"]
[Round "10"]
[White "Nunn, John DM"]
[Black "Sulskis, Sarunas"]
[Result "1/2-1/2"]
[WhiteElo "2625"]
[BlackElo "2455"]

1.e4 e5 2.Nf3 Nc6 3.Nc3 Nf6 4.d4 exd4 5.Nxd4 Bb4 6.Nxc6 bxc6 7.Bd3 d5 8.exd5 cxd5
9.O-O O-O 10.Bg5 c6 11.Qf3 Bd6 12.Rfe1 Rb8 13.Na4 h6 14.Bxf6 Qxf6 15.Qxf6 gxf6
16.Rad1 Bg4 17.f3 Be6 18.g3 Kg7 19.b3 h5 20.Kg2 h4 21.c4 Bb4 22.Re2 dxc4
23.Bxc4 Bxc4 24.bxc4 hxg3 25.hxg3 Rfd8 26.Rxd8 Rxd8 27.Kf2 Rd1 28.Nb2 Bc5+
29.Kg2 Rc1 30.g4 Bd4 31.Rd2 c5 32.Kg3 Kg6 33.Re2 Be5+ 34.Kg2 Bxb2 35.Rxb2 Rxc4
36.Rb5 f5 37.gxf5+ Kxf5 38.Kg3 Ke5 39.Ra5 f5 40.Rxa7 Rc1 41.Re7+ Kd4 42.Kf4 Rf1
43.a4 c4 44.a5 Ra1 45.Rd7+ Kc3 46.Kxf5 Rxa5+ 47.Ke6 Kb4 48.f4 c3 49.Rd1 Ra6+
50.Ke5 Ra2 51.Re1 Rf2 52.f5 c2 53.Rc1 Re2+ 54.Kd6 Kc3 55.f6 Rf2 56.Ke7 Kd2  1/2-1/2

[Event "Donner mem"]
[Site "Amsterdam"]
[Date "1995.??.??"]
[Round "1"]
[White "Van Wely, Loek"]
[Black "Nunn, John DM"]
[Result "1/2-1/2"]
[WhiteElo "2585"]
[BlackElo "2615"]

1.d4 Nf6 2.c4 g6 3.Nc3 Bg7 4.e4 d6 5.Nf3 O-O 6.Be2 e5 7.O-O Nc6 8.d5 Ne7
9.b4 a5 10.Ba3 Nh5 11.Nd2 axb4 12.Bxb4 c5 13.dxc6 Nxc6 14.Bxh5 Nxb4 15.Be2 Nc6
16.Nb3 Nd4 17.Nb5 Bd7 18.a4 Bc6 19.N3xd4  1/2-1/2

[Event "Donner mem"]
[Site "Amsterdam"]
[Date "1995.??.??"]
[Round "2"]
[White "Nunn, John DM"]
[Black "Timman, Jan H"]
[Result "0-1"]
[WhiteElo "2615"]
[BlackElo "2590"]

1.e4 e5 2.f4 exf4 3.Nf3 g5 4.h4 g4 5.Ne5 d6 6.Nxg4 Nf6 7.Nxf6+ Qxf6 8.Nc3 c6
9.Qf3 Rg8 10.Qf2 Bg4 11.d3 Bh6 12.Ne2 Nd7 13.Nxf4 O-O-O 14.g3 Qe5 15.Bg2 f5
16.O-O fxe4 17.Bd2 Bf3 18.Rae1 Rdf8 19.dxe4 Bxg2 20.Kxg2 Rg4 21.Kh3 Rfg8
22.Rg1 Nf6 23.Qf3 Qe7 24.Rg2 Bxf4 25.Bxf4 Qe6 26.Kh2 Nh5 27.Ree2 Rf8 28.Ref2 Nxf4
29.gxf4 Rxh4+ 30.Kg1 Qxa2 31.Qg3 Qb1+ 32.Rf1 Rh1+ 33.Kxh1 Qxf1+ 34.Rg1 Qxf4
35.Qh3+ Kb8 36.Qxh7 a6 37.Rg8 Qc1+  0-1

[Event "Donner mem"]
[Site "Amsterdam"]
[Date "1995.??.??"]
[Round "10"]
[White "Nunn, John DM"]
[Black "Seirawan, Yasser"]
[Result "1/2-1/2"]
[WhiteElo "2615"]
[BlackElo "2625"]

1.e4 c6 2.d4 d5 3.e5 Bf5 4.c4 e6 5.Nc3 Ne7 6.Nge2 Nd7 7.Ng3 Bg6 8.cxd5 cxd5
9.h4 h5 10.Bd3 Bxd3 11.Qxd3 Nc6 12.Bg5 Be7 13.Bxe7 Qxe7 14.O-O-O O-O-O 15.Kb1 Nb6
16.f4 g6 17.Nf1 Kb8 18.Ne3 a6 19.Ne2 Rc8 20.Rc1 Rc7 21.Qb3 Ka7 22.g3 Rhc8
23.Rc5 Qf8 24.Qd1 Nd7 25.Rc3 b5 26.Qd2 Nb6  1/2-1/2

[Event "Donner mem"]
[Site "Amsterdam"]
[Date "1995.??.??"]
[Round "11"]
[White "Huzman, Alexander"]
[Black "Nunn, John DM"]
[Result "1/2-1/2"]
[WhiteElo "2580"]
[BlackElo "2615"]

1.d4 Nf6 2.Nf3 g6 3.c4 Bg7 4.g3 c6 5.Bg2 d5 6.O-O O-O 7.b3 Bf5 8.Bb2 Nbd7
9.Nc3 Ne4 10.e3 Nxc3 11.Bxc3 Be4 12.Qe2 Qb6 13.Rfd1 Rfd8 14.Bh3 Bxf3 15.Qxf3 Nf6
16.Qe2 Ne4 17.Bb2 e6 18.Bg2  1/2-1/2

[Event "Bundesliga 9495"]
[Site "Germany"]
[Date "1995.??.??"]
[Round "?"]
[White "Bologan, Viktor"]
[Black "Nunn, John DM"]
[Result "0-1"]
[WhiteElo "2600"]
[BlackElo "2625"]

1.e4 d6 2.d4 Nf6 3.Nc3 g6 4.g3 Bg7 5.Bg2 O-O 6.Nge2 e5 7.h3 Nc6 8.Be3 Bd7
9.O-O Re8 10.Qd2 a6 11.d5 Ne7 12.Bg5 Rf8 13.f4 Ne8 14.fxe5 dxe5 15.Nc1 Nd6
16.b3 f6 17.Be3 Qc8 18.Kh2 b6 19.Nd3 Qb7 20.Ne2 f5 21.Nf2 Rae8 22.c4 Qc8
23.Rac1 fxe4 24.c5 bxc5 25.Bxc5 Nef5 26.Nxe4 Bh6 27.Ng5 Qd8 28.h4 e4 29.Be3 Nxe3
30.Rxf8+ Bxf8 31.Qxe3 Nf5 32.Qc3 Bd6 33.Kg1 Be5 34.Qe1 e3 35.a4 Qb8 36.Nf3 Bd6
37.Nfd4 Nxd4 38.Nxd4 Qb6 39.Rc4 e2 40.a5 Qa7 41.Kh2 Bb5  0-1

[Event "Bundesliga 9495"]
[Site "Germany"]
[Date "1995.??.??"]
[Round "?"]
[White "Norwood, David"]
[Black "Nunn, John DM"]
[Result "0-1"]
[WhiteElo "2545"]
[BlackElo "2630"]

1.Nf3 Nf6 2.d4 g6 3.Nbd2 d5 4.c3 Bg7 5.g3 Nbd7 6.Bg2 O-O 7.O-O c5 8.dxc5 Nxc5
9.Nb3 Nce4 10.Bf4 b6 11.Be5 Bb7 12.Qc2 e6 13.a4 Qe7 14.a5 Rfc8 15.Nfd4 Ba6
16.Bxe4 Nxe4 17.Bxg7 Kxg7 18.Nc1 e5 19.Nf3 Bb7 20.Qb3 Nc5 21.Qb4 Qf6 22.Qh4 Qxh4
23.Nxh4 b5 24.Nf3 f6 25.Nd2 Rab8 26.f4 d4 27.fxe5 fxe5 28.cxd4 exd4 29.Ncb3 d3
30.Nxc5 Rxc5 31.exd3 Rc2 32.Ne4 Rxb2 33.Rac1 Rc8 34.Rxc8 Bxc8 35.Rc1 Bh3
36.Ng5 Bf5 37.Rc7+ Kf6 38.Nxh7+ Ke5 39.Rxa7 Bxd3 40.a6 b4 41.Ra8 b3 42.Ng5 Ra2
43.a7 b2 44.Nf3+ Ke4 45.Nd2+ Ke3 46.Rb8 Ra1+ 47.Kg2 Kxd2 48.Rxb2+ Ke3 49.g4 Kf4
50.h3 Be4+ 51.Kf2 Rxa7 52.Rb3 Ra2+ 53.Kf1 Bf3 54.Rb6 Kg3  0-1

[Event "Bundesliga 9495"]
[Site "Germany"]
[Date "1995.??.??"]
[Round "?"]
[White "Zude, Arno"]
[Black "Nunn, John DM"]
[Result "1-0"]
[WhiteElo "2435"]
[BlackElo "2625"]

1.e4 c5 2.Nf3 d6 3.d4 cxd4 4.Nxd4 Nf6 5.Nc3 a6 6.Bg5 e6 7.Qf3 Nbd7 8.O-O-O h6
9.Be3 Qc7 10.Qg3 e5 11.Nb3 b5 12.a3 Bb7 13.Bd3 g6 14.f3 Bg7 15.h4 h5 16.Bxb5 axb5
17.Nxb5 Qb8 18.Nxd6+ Kf8 19.Rd2 Kg8 20.Rhd1 Bc6 21.Rd3 Ra6 22.Qe1 Bf8 23.Qc3 Bb5
24.Nxb5 Qxb5 25.Qc7 Rc6 26.Qa5 Qb7 27.Rc3 Kg7 28.Rdd3 Rxc3 29.Rxc3 Bd6 30.Qa4 Nb8
31.Qc4 Rd8 32.Nc5 Qe7 33.Nd3 Nh7 34.Bf2 Nd7 35.Nb4 Bxb4 36.Qxb4 Qf6 37.g3 Qe6
38.Qc4 Qh3 39.b4 Qg2 40.Qe2 Nhf8 41.Qd2 Ne6 42.Rd3 Qf1+ 43.Qe1 Qg2 44.Qg1 Qh3
45.Kb2 Nf6 46.Rxd8 Nxd8 47.Be1 Qe6 48.Qf1 Nd7 49.Qd3 Qc6 50.c4 Nb7 51.Qd5 Qc7
52.Bc3 Kg8 53.c5 Nd8 54.a4 Ne6 55.a5 Nd4 56.f4 Nc6 57.a6 Qc8 58.b5 Ne7 59.Qb7 Nxc5
60.Qxc8+ Nxc8 61.Bxe5 Nxe4 62.Kb3 Nc5+ 63.Kc4 Nd7 64.Bd4 Kf8 65.a7 Ke7 66.Kd5  1-0

[Event "Leeuwarden op"]
[Site "Leeuwarden"]
[Date "1995.??.??"]
[Round "1"]
[White "Zagema, Wieb"]
[Black "Nunn, John DM"]
[Result "0-1"]
[WhiteElo "2395"]
[BlackElo "2615"]

1.e4 c5 2.Nf3 Nc6 3.Bb5 e6 4.O-O Nge7 5.Nc3 Nd4 6.Re1 Nec6 7.Bxc6 bxc6 8.e5 Be7
9.Ne4 O-O 10.d3 f6 11.Nxd4 cxd4 12.exf6 Bxf6 13.Qh5 Rb8 14.a4 d6 15.f4 c5
16.b3 Rb7 17.Bd2 Rbf7 18.Rf1 Bb7 19.Rae1 Be7 20.Qe2 Qd7 21.Ng5 Bxg5 22.fxg5 e5
23.Rxf7 Rxf7 24.Rf1 Bd5 25.Rxf7 Qxf7 26.Qg4 Qe8 27.h4 Bf7 28.b4 c4 29.dxc4 Bxc4
30.c3 Be6 31.Qe4 dxc3 32.Bxc3 Qxa4 33.Qa8+ Kf7 34.Qb7+ Qd7 35.Qf3+ Kg8 36.h5 Qd8
37.h6 Qxg5 38.Qa8+ Kf7 39.Qxa7+ Kf6 40.Qf2+ Qf5 41.Qd2 d5 42.hxg7 Kxg7 43.b5 d4
44.Bb2 Bd5 45.b6 Qg4 46.Qf2 Kg6 47.Kh2 Qf5 48.Qd2 Qg5 49.Qf2 h5 50.Qc2+ Kf6
51.Bc1 Qh4+ 52.Kg1 Qe1+ 53.Kh2 h4 54.Qd2 Qxd2 55.Bxd2 e4 56.g3 e3 57.Bc1 hxg3+
58.Kxg3 Kf5 59.Kh2 Bb7 60.Kg1 Ba6 61.b7 Bxb7 62.Kf1 Ke4 63.Ba3 d3 64.Bb4 Kd4
65.Ke1 Bf3 66.Ba5 Kc4  0-1

[Event "Leeuwarden op"]
[Site "Leeuwarden"]
[Date "1995.??.??"]
[Round "3"]
[White "Kharitonov, Andrei Y"]
[Black "Nunn, John DM"]
[Result "1/2-1/2"]
[WhiteElo "2550"]
[BlackElo "2615"]

1.d4 Nf6 2.Nf3 g6 3.c4 Bg7 4.g3 c6 5.Bg2 d5 6.cxd5 cxd5 7.Nc3 O-O 8.Ne5 e6
9.O-O Nfd7 10.f4 f6 11.Nf3 Nc6 12.Be3 Nb6 13.Bf2 Nc4 14.e4 Nxb2 15.Qc2 Nc4
16.exd5 exd5 17.Nxd5 Nd6 18.Nc3 Bg4 19.d5 Nb4 20.Qb3 Bxf3 21.Bxf3 Nd3 22.Nb5 Nxf2  1/2-1/2

[Event "Leeuwarden op"]
[Site "Leeuwarden"]
[Date "1995.??.??"]
[Round "4"]
[White "Nunn, John DM"]
[Black "Reinderman, Dimitri"]
[Result "1/2-1/2"]
[WhiteElo "2615"]
[BlackElo "2455"]

1.e4 c5 2.Nf3 Nc6 3.d4 cxd4 4.Nxd4 Nf6 5.Nc3 e5 6.Ndb5 d6 7.Bg5 a6 8.Na3 b5
9.Bxf6 gxf6 10.Nd5 f5 11.Bd3 Be6 12.O-O Bxd5 13.exd5 Ne7 14.c3 Bg7 15.Qh5 e4
16.Bc2 Qc8 17.Rae1 O-O 18.g4 b4 19.cxb4 Nxd5 20.gxf5 Nf6 21.Qh3 d5 22.Kh1 Kh8
23.Rg1 Rg8 24.Bb3 Qb7 25.Nc2 Rad8 26.Nd4 Nd7 27.Qe3 Ne5 28.Rg2 Bf6 29.Qh6 Qe7
30.Reg1 Rxg2 31.Rxg2 Ng4 32.Rxg4 Be5 33.Kg2 Qf6 34.Qxf6+ Bxf6  1/2-1/2

[Event "Leeuwarden op"]
[Site "Leeuwarden"]
[Date "1995.??.??"]
[Round "5"]
[White "Nunn, John DM"]
[Black "Grooten, Herman"]
[Result "1-0"]
[WhiteElo "2615"]
[BlackElo "2340"]

1.e4 c5 2.Nf3 e6 3.d4 cxd4 4.Nxd4 Nf6 5.Nc3 d6 6.g4 h6 7.h4 Nc6 8.Rg1 h5
9.gxh5 Nxh5 10.Bg5 Nf6 11.Qd2 a6 12.Be2 Qb6 13.Nb3 Qc7 14.h5 Be7 15.O-O-O Rh7
16.f4 Bd7 17.e5 dxe5 18.fxe5 Nxe5 19.Bf4 Nd5 20.Nxd5 exd5 21.Qxd5 Nd3+ 22.Bxd3 Qxf4+
23.Kb1 Bc6 24.Qa5 Bb4 25.Qb6 Rxh5 26.Bxa6 Be7 27.Rge1 Re5 28.Bxb7  1-0

[Event "Leeuwarden op"]
[Site "Leeuwarden"]
[Date "1995.??.??"]
[Round "7"]
[White "Nunn, John DM"]
[Black "Gretarsson, Helgi Ass"]
[Result "1/2-1/2"]
[WhiteElo "2615"]
[BlackElo "2440"]

1.e4 e5 2.Nf3 Nc6 3.Bb5 a6 4.Ba4 d6 5.c3 Bd7 6.d4 Nge7 7.Bb3 h6 8.Nbd2 Ng6
9.Nc4 Be7 10.Ne3 Bg5 11.a3 Bxe3 12.Bxe3 Nh4 13.Nxh4 Qxh4 14.O-O Qxe4 15.dxe5 Nxe5
16.Bd5 Qg6 17.f4 c6 18.fxe5 cxd5 19.exd6 Qxd6 20.c4  1/2-1/2

[Event "Leeuwarden op"]
[Site "Leeuwarden"]
[Date "1995.??.??"]
[Round "8"]
[White "Chuchelov, Vladimir"]
[Black "Nunn, John DM"]
[Result "1-0"]
[WhiteElo "2550"]
[BlackElo "2615"]

1.d4 Nf6 2.Nf3 g6 3.c4 Bg7 4.Nc3 O-O 5.e4 d6 6.Be2 e5 7.O-O Nc6 8.d5 Ne7
9.Nd2 a5 10.a3 Bd7 11.b3 Ne8 12.Rb1 f5 13.b4 axb4 14.axb4 Nf6 15.f3 c6 16.dxc6 Nxc6
17.Nb5 Be6 18.Qc2 Qe7 19.Bd3 Nh5 20.c5 dxc5 21.Qxc5 Qg5 22.Bc4 Nf4 23.g3 Bxc4
24.Qxc4+ Kh8 25.Kh1 Nh5 26.Nb3 Qe7 27.Be3 fxe4 28.Bc5 Qf7 29.Qxf7 Rxf7 30.fxe4 Rxf1+
31.Rxf1 b6 32.Bd6 Nf6 33.Rc1 Nd4 34.N3xd4 exd4 35.e5 Ng4 36.Nc7 Rc8 37.e6 Bh6
38.Rc4 Bg7 39.e7 Ne3 40.Rc1 d3 41.Bf4  1-0

[Event "Leeuwarden op"]
[Site "Leeuwarden"]
[Date "1995.??.??"]
[Round "9"]
[White "Nunn, John DM"]
[Black "De Jong, Migchiel"]
[Result "1-0"]
[WhiteElo "2615"]
[BlackElo "2260"]

1.e4 e6 2.d4 d5 3.Nc3 Bb4 4.e5 Ne7 5.a3 Bxc3+ 6.bxc3 b6 7.Qg4 Ng6 8.h4 h5
9.Qd1 Ba6 10.Bxa6 Nxa6 11.Bg5 f6 12.Qd3 Kf7 13.Rh3 Qc8 14.exf6 gxf6 15.Rf3 f5
16.Rg3 c6 17.Nf3 Nc7 18.Bf4 Nxf4 19.Ne5+ Ke8 20.Qf3 Nb5 21.Qxf4 Qc7 22.Rg6 Qd6
23.Qg5 Rf8 24.Rg7  1-0

[Event "Amber-rapid 4th"]
[Site "Monte Carlo"]
[Date "1995.??.??"]
[Round "1"]
[White "Karpov, Anatoly"]
[Black "Nunn, John DM"]
[Result "1-0"]
[WhiteElo "2780"]
[BlackElo "2630"]

1.d4 Nf6 2.c4 g6 3.g3 Bg7 4.Bg2 O-O 5.Nf3 d6 6.O-O Nbd7 7.Nc3 e5 8.e4 c6
9.h3 Qb6 10.c5 dxc5 11.dxe5 Ne8 12.e6 fxe6 13.Ng5 Nc7 14.f4 Bd4+ 15.Kh1 Nf6
16.e5 Nfd5 17.Qe1 Bd7 18.Rf3 Rae8 19.Bd2 c4 20.Nge4 Qxb2 21.Rb1 Qc2 22.Rc1 Qb2
23.Nd6 Nb5 24.Nxc4 Bxc3 25.Nxb2 Bxb2 26.Rb1 Bd4 27.a4 Nbc7 28.Rxb7 c5 29.Ba5 Rc8
30.Rd3 Rfd8 31.Rxa7  1-0

[Event "Amber-blind 4th"]
[Site "Monte Carlo"]
[Date "1995.??.??"]
[Round "5"]
[White "Ivanchuk, Vassily"]
[Black "Nunn, John DM"]
[Result "1/2-1/2"]
[WhiteElo "2700"]
[BlackElo "2630"]

1.e4 d6 2.d4 Nf6 3.Nc3 g6 4.g3 Bg7 5.Bg2 O-O 6.Nge2 e5 7.h3 Nc6 8.Be3 Bd7
9.Qd2 a6 10.O-O exd4 11.Nxd4 Re8 12.Kh2 Na5 13.b3 c5 14.Nde2 Bc6 15.Rad1 Nxe4
16.Nxe4 Bxe4 17.Bxe4 Rxe4 18.Bxc5 Nc6 19.Be3 d5 20.c3 Qe7 21.Nf4 d4 22.cxd4 Nxd4
23.Bxd4 Rxd4 24.Qc2 Rad8  1/2-1/2

[Event "Amber-rapid 4th"]
[Site "Monte Carlo"]
[Date "1995.??.??"]
[Round "6"]
[White "Nunn, John DM"]
[Black "Lautier, Joel"]
[Result "1/2-1/2"]
[WhiteElo "2630"]
[BlackElo "2655"]

1.e4 c5 2.Nf3 e6 3.d4 cxd4 4.Nxd4 Nc6 5.Nb5 d6 6.c4 Nf6 7.N1c3 a6 8.Na3 Be7
9.Be2 O-O 10.O-O b6 11.Be3 Bb7 12.Qb3 Nd7 13.Rfd1 Nc5 14.Qc2 Bf6 15.Rac1 Be5
16.Nab1 Qh4 17.g3 Qf6 18.f4 Bd4 19.Qd2 e5 20.Nd5 Qd8 21.Nbc3 Bxe3+ 22.Qxe3 exf4
23.gxf4 Re8 24.b4 Nd7 25.Kh1 Ne7 26.Bf3 Rc8 27.Nxe7+ Qxe7 28.Nd5 Qh4 29.Qe1 Qh6
30.Qg3 Nf6 31.Re1 Re6 32.e5 Nxd5 33.Bxd5 Re7 34.Qg5 Qxg5 35.fxg5 dxe5 36.Bxb7 Rxb7
37.Rxe5  1/2-1/2

[Event "Amber-blind 4th"]
[Site "Monte Carlo"]
[Date "1995.??.??"]
[Round "6"]
[White "Lautier, Joel"]
[Black "Nunn, John DM"]
[Result "1-0"]
[WhiteElo "2655"]
[BlackElo "2630"]

1.d4 Nf6 2.c4 g6 3.Nc3 Bg7 4.e4 d6 5.f3 O-O 6.Bg5 Nc6 7.Nge2 a6 8.Qd2 Bd7
9.h4 h5 10.O-O-O b5 11.Nd5 bxc4 12.Nec3 Nh7 13.Bh6 Bxd4 14.g4 e6 15.gxh5 exd5
16.exd5 Bg7 17.dxc6 Bxc6 18.Bxc4 Kh8 19.Bg5 Bf6 20.hxg6 fxg6 21.Bd5 Qd7 22.f4 Bxd5
23.Nxd5 Bg7 24.h5 Nxg5 25.fxg5 Kg8 26.hxg6 Rae8 27.Qh2 Be5 28.Nf6+  1-0

[Event "Amber-blind 4th"]
[Site "Monte Carlo"]
[Date "1995.??.??"]
[Round "9"]
[White "Nunn, John DM"]
[Black "Ljubojevic, Ljubomir"]
[Result "1/2-1/2"]
[WhiteElo "2630"]
[BlackElo "2580"]

1.e4 e6 2.d4 d5 3.Nc3 dxe4 4.Nxe4 Nd7 5.Nf3 Ngf6 6.Nxf6+ Nxf6 7.Bd3 c5 8.O-O a6
9.b3 cxd4 10.Bb2 Bc5 11.Nxd4 O-O 12.Re1 Qb6 13.Qd2 Bb4 14.c3 Bc5 15.Rad1 Rd8
16.Bb1 Bxd4 17.cxd4 Rd5 18.Ba3 Qd8 19.Qf4 b6 20.Bb2 Bb7 21.Rc1 Rc8 22.h3 Rd7
23.Rxc8 Qxc8 24.d5 Nxd5 25.Qg4 Qf8 26.Qe4 Nf6 27.Qh4 h6 28.Bxf6 gxf6 29.Qxf6 Qg7
30.Qxg7+ Kxg7 31.Be4 Bxe4 32.Rxe4 Rd1+ 33.Kh2 Rd2 34.Ra4 a5 35.Kg3 f5 36.Kf3 Kf6
37.g4 Rd3+ 38.Kg2 Rd2 39.Kg3 Rd3+ 40.f3 e5 41.gxf5 Kxf5 42.Rh4 Kg5 43.Rg4+ Kf5
44.Rh4 Kg5 45.Rg4+  1/2-1/2

[Event "Amber-rapid 4th"]
[Site "Monte Carlo"]
[Date "1995.??.??"]
[Round "10"]
[White "Nunn, John DM"]
[Black "Anand, Viswanathan"]
[Result "1/2-1/2"]
[WhiteElo "2630"]
[BlackElo "2715"]

1.e4 e5 2.f4 exf4 3.Nf3 d5 4.exd5 Bd6 5.d4 c6 6.Nc3 Nf6 7.Qe2+ Kf8 8.Ne5 g5
9.h4 Nxd5 10.Nxd5 cxd5 11.Qh5 Qe7 12.Qh6+ Ke8 13.Qg7 Bxe5 14.dxe5 Rf8 15.Qxg5 Qb4+
16.c3 Qe4+ 17.Be2 Nc6 18.Bxf4 Ne7 19.Kf2 Rg8 20.Bb5+ Bd7 21.Bxd7+ Kxd7 22.Rae1 Qd3
23.Rh3 Qb5 24.Qh5 Qxb2+ 25.Re2 Qb6+ 26.Rhe3 Qe6 27.Bg5 h6 28.Bxe7 Kxe7 29.Qf3 Rg4
30.Rd2 Rd8 31.Rd4 Rdg8 32.Rxg4 Rxg4 33.g3 Ra4 34.Re2 b6 35.Kg2 Rc4 36.Rf2 Re4
37.Qh5 d4 38.cxd4 Rxd4 39.Qe2 Qd5+ 40.Kh2 Rd1 41.Kh3 Rh1+ 42.Rh2 Rg1 43.Rf2 Rh1+
44.Rh2 Rc1 45.Rf2 Qh1+ 46.Kg4 Re1 47.Rxf7+ Kxf7 48.Qc4+  1/2-1/2

[Event "San Francisco"]
[Site "San Francisco"]
[Date "1995.??.??"]
[Round "1"]
[White "Nunn, John DM"]
[Black "Tisdall, Jonathan D"]
[Result "1-0"]
[WhiteElo "2630"]
[BlackElo "2470"]

1.e4 c5 2.c3 Nf6 3.e5 Nd5 4.Nf3 e6 5.g3 d6 6.exd6 Bxd6 7.Bg2 Nc6 8.O-O O-O
9.d4 cxd4 10.Nxd4 Nxd4 11.Qxd4 Qc7 12.Nd2 Bc5 13.Qe4 b5 14.a4 bxa4 15.Qxa4 Bd7
16.Qc2 Rac8 17.Ne4 Bb6 18.Ng5 Nf6 19.Re1 h6 20.Bf4 Qc5 21.Be3 Qc7 22.Ne4 Nd5
23.Bxb6 axb6 24.Qb3 Rfd8 25.Rec1 Bc6 26.Rd1 Ne7 27.Rxd8+ Rxd8 28.Rd1 Rxd1+
29.Qxd1 Nf5 30.Qd3 Bd5 31.Nf6+ gxf6 32.Bxd5 Qe5 33.Be4 Nd6 34.Bf3 f5 35.Kg2 f4
36.Qa6 fxg3 37.hxg3 Qc5 38.b4 Qc7 39.Qd3 Kg7 40.Qd4+ f6 41.Qe3 Kf7 42.Bg4 Nf5
43.Bxf5 exf5 44.b5 Qb7+ 45.Kg1 Qc7 46.Qxh6 Qxc3 47.Qh5+ Ke6 48.Qe8+ Kd6 49.Qd8+ Kc5
50.Qc7+ Kb4 51.Qxb6 Qe1+ 52.Kh2 Qd2 53.Kh3 Qd5 54.Qc6 Qxb5 55.Qxf6 Qf1+ 56.Kh4 Qxf2
57.Qd6+ Kc3 58.Kg5 Qf1 59.Qe5+ Kb3 60.Qxf5 Qg2 61.Qd3+ Ka2 62.g4 Qc6 63.Qd4 Qe6
64.Kf4 Qh6+ 65.Kg3 Qg5 66.Qf4 Qd5 67.Qf2+ Ka1 68.Qf1+  1-0

[Event "San Francisco"]
[Site "San Francisco"]
[Date "1995.??.??"]
[Round "2"]
[White "Waitzkin, Joshua"]
[Black "Nunn, John DM"]
[Result "1/2-1/2"]
[WhiteElo "2435"]
[BlackElo "2630"]

1.e4 c5 2.c3 d5 3.exd5 Qxd5 4.d4 Nf6 5.Nf3 Bg4 6.Be2 e6 7.h3 Bh5 8.Be3 cxd4
9.cxd4 Nc6 10.Nc3 Qd6 11.g4 Bg6 12.Ne5 Be7 13.O-O O-O 14.Bf4 Qb4 15.a3 Qxb2
16.Na4 Qc2 17.Nxg6 Qxg6 18.Bd3 Ne4 19.f3 Qf6 20.fxe4 Qxd4+ 21.Kh2 Rad8 22.Bb5 Qxe4
23.Nc3 Qg6 24.Qb1 f5 25.gxf5 exf5 26.Qa2+ Kh8 27.Qg2 Bf6 28.Qxg6 hxg6 29.Rac1 g5
30.Be3 Nd4 31.Bc4 Rfe8 32.Bg1 a6 33.a4 Kh7 34.Kg2 g6 35.Nd5 Bg7 36.a5 Rc8
37.Bd3 Rcd8 38.Bc4 Rc8 39.Rfd1 Ne2 40.Bxe2 Rxe2+ 41.Kf3 Rxc1 42.Kxe2 Rxd1
43.Kxd1 Kh6 44.Ke2 Kh5 45.Kf3 Kh4 46.Kg2 g4 47.Bf2+ Kh5 48.Nf4+ Kh6 49.hxg4 Bc3
50.Bb6 fxg4 51.Ne6 g5 52.Nd8 Kg6 53.Nxb7 Bb4 54.Nd8 Kf5 55.Bc7 Ke4 56.Nc6 Bc3
57.Nb8 Kd5 58.Nxa6 Kc6 59.Bd8 Bxa5  1/2-1/2

[Event "San Francisco"]
[Site "San Francisco"]
[Date "1995.??.??"]
[Round "3"]
[White "Nunn, John DM"]
[Black "Gulko, Boris F"]
[Result "1/2-1/2"]
[WhiteElo "2630"]
[BlackElo "2595"]

1.e4 e6 2.d4 d5 3.Nc3 Bb4 4.e5 c5 5.a3 Bxc3+ 6.bxc3 Ne7 7.a4 Qa5 8.Bd2 Nbc6
9.Nf3 Bd7 10.Bb5 Qc7 11.O-O O-O 12.Re1 b6 13.Bd3 h6 14.Qc1 c4 15.Bf1 Kh7
16.Bf4 Ng6 17.Bg3 Qd8 18.Qd2 f5 19.exf6 Rxf6 20.Nh4 Nge7 21.Be2 g5 22.Nf3 Nf5
23.Be5 Rf7 24.h3 Qe7 25.Bh2 Raf8 26.Ne5 Nxe5 27.Bxe5 Nh4 28.Bg3 Nf5 29.Be5 Nh4
30.Bg3  1/2-1/2

[Event "San Francisco"]
[Site "San Francisco"]
[Date "1995.??.??"]
[Round "4"]
[White "Christiansen, Larry Mark"]
[Black "Nunn, John DM"]
[Result "1/2-1/2"]
[WhiteElo "2570"]
[BlackElo "2630"]

1.d4 Nf6 2.c4 g6 3.Nc3 Bg7 4.e4 d6 5.Bd3 Nc6 6.Nge2 O-O 7.O-O e5 8.d5 Nd4
9.Bc2 Nxc2 10.Qxc2 Nh5 11.Be3 f5 12.exf5 gxf5 13.f4 Bd7 14.Rae1 exf4 15.Nxf4 Nxf4
16.Bxf4 Qf6 17.Kh1 Rae8 18.Rd1 Rf7 19.Rd3 Kh8 20.Qd2 a6 21.a4 b6 22.b3 Qh4
23.Ne2 Qg4 24.Rdf3 Rfe7 25.Ng3 Qg6 26.Bg5 Re5 27.Be3 c5 28.Bf4 R5e7 29.b4 Bxa4
30.bxc5 dxc5 31.Bg5 Re5 32.Nxf5 Re2 33.Qf4 Rf8 34.Nh4 Qh5 35.Qxf8+ Bxf8 36.Rxf8+ Kg7
37.Bh6+ Kxh6 38.R1f6+ Qg6 39.Nxg6 hxg6 40.h4 Re4 41.Rh8+ Kg7 42.Rff8 Rxc4
43.Rfg8+ Kf6 44.Rb8 b5 45.Rb6+ Kg7 46.Rc8 Rxh4+ 47.Kg1 b4 48.Rc7+ Kh6 49.Rxa6 b3
50.Rb6 c4 51.Rb4 Rd4 52.Rcxc4 Rxd5 53.Rc1 Bd7 54.Rxb3 Rd4 55.Rcb1 Bf5 56.R1b2 Kg5
57.Rb4 Rd3 58.Kf2 Rd1 59.Rb5 Rc1 60.R2b3 Rc4 61.Rg3+ Kf4 62.Rb2 Rd4 63.Rgb3 Kg5
64.Rb4 Rd1 65.g3 Rc1 66.R2b3 Rc2+ 67.Kf3 Bd7 68.Ra3 Bc6+ 69.Ke3 Rc5 70.Rd4 Re5+
71.Kf2 Rf5+ 72.Kg1 Rc5 73.Rad3 Rc2 74.Rd2 Rc3 75.Kh2 Rc1 76.Rd1 Rc2+ 77.R4d2 Rc5
78.Rf1 Bb7 79.Rb1 Bc6 80.Ra1 Be4 81.Rb2 Bf5 82.Kg2 Rc3 83.Re1 Ra3 84.Kf2 Rc3
85.Re3 Rc4 86.Ra3 Kg4 87.Rab3 Kg5 88.Rb4 Rc1 89.R2b3 Rc2+ 90.Ke3 Be6 91.Ra3 Rc5
92.Rba4 Bf5 93.Kf3 Rc1 94.Rb4 Rf1+ 95.Kg2 Rc1 96.g4 Bd7 97.Ra5+ Kh4 98.Ra7 Rc2+
99.Kf3 Rc3+ 100.Kf2 Rc2+ 101.Ke3 Bxg4 102.Raa4 Re2+ 103.Kd3 Rg2 104.Ke3 Re2+  1/2-1/2

[Event "San Francisco"]
[Site "San Francisco"]
[Date "1995.??.??"]
[Round "5"]
[White "Ashley, Maurice"]
[Black "Nunn, John DM"]
[Result "0-1"]
[WhiteElo "2460"]
[BlackElo "2630"]

1.e4 c5 2.Nc3 Nc6 3.g3 g6 4.Bg2 Bg7 5.d3 d6 6.Be3 Rb8 7.Qd2 b5 8.Nge2 b4
9.Nd1 Nd4 10.O-O e6 11.f4 Ne7 12.g4 f5 13.gxf5 Nxe2+ 14.Qxe2 exf5 15.a3 b3
16.c3 O-O 17.Re1 g5 18.Nf2 gxf4 19.Bxf4 Ng6 20.Bd2 Qh4 21.d4 cxd4 22.cxd4 fxe4
23.Bxe4 Bb7 24.Bxb7 Rxb7 25.Be3 Re7 26.Qd2 Rf3 27.Rac1 Rfxe3 28.Rxe3 Qg5+
29.Ng4 Qxg4+ 30.Rg3 Bxd4+ 31.Kh1 Qe4+ 32.Rg2 Be3 33.Rc8+ Kf7 34.Qd1 Nf4 35.Qxb3+ d5  0-1

[Event "San Francisco"]
[Site "San Francisco"]
[Date "1995.??.??"]
[Round "6"]
[White "Nunn, John DM"]
[Black "Xie Jun"]
[Result "1-0"]
[WhiteElo "2630"]
[BlackElo "2515"]

1.e4 e5 2.Nf3 Nc6 3.Bb5 a6 4.Ba4 Nf6 5.O-O Be7 6.Re1 b5 7.Bb3 d6 8.a4 Bd7
9.c3 O-O 10.d3 Na5 11.Bc2 c5 12.Nbd2 Qc7 13.Nf1 b4 14.cxb4 cxb4 15.Ne3 Be6
16.d4 Rfc8 17.h3 Nc4 18.Bd3 Nxe3 19.Bxe3 Qb7 20.dxe5 dxe5 21.Nxe5 Nxe4 22.Bxe4 Qxe4
23.Bg5 Qb7 24.Nxf7 Kxf7 25.Qh5+ Kg8 26.Rxe6 Rc5 27.h4 h6 28.Rxh6 gxh6 29.Qg6+ Kh8
30.Qxh6+ Kg8 31.Qe6+  1-0

[Event "San Francisco"]
[Site "San Francisco"]
[Date "1995.??.??"]
[Round "7"]
[White "Browne, Walter S"]
[Black "Nunn, John DM"]
[Result "0-1"]
[WhiteElo "2560"]
[BlackElo "2630"]

1.d4 Nf6 2.c4 g6 3.Nc3 Bg7 4.e4 d6 5.Nf3 O-O 6.Be2 e5 7.O-O Nc6 8.d5 Ne7
9.Nd2 a5 10.a3 Bd7 11.b3 Ne8 12.Rb1 f5 13.b4 axb4 14.axb4 Nf6 15.c5 fxe4
16.Ndxe4 Nf5 17.Bg5 h6 18.Bxf6 Bxf6 19.Bd3 Bg5 20.Nxg5 Qxg5 21.Ne4 Qh4 22.cxd6 cxd6
23.Rc1 Ra3 24.Rc7 Bb5 25.g3 Qd8 26.Rc3 Rxc3 27.Nxc3 Bd7 28.Be4 Nd4 29.Qd3 Qb6
30.Kg2 Kg7 31.h4 Bc8 32.Ne2 Nxe2 33.Qxe2 Qxb4 34.h5 gxh5 35.Rc1 Bf5 36.Rc7+ Kg6
37.Bxf5+ Rxf5 38.Rd7 Qc5 39.Qd2 e4 40.Re7 Qxd5 41.Qxd5 Rxd5 42.Rxb7 Rd2 43.Kf1 d5
44.Rb6+ Kg5 45.Ke1 Rd3 46.Rd6 h4 47.gxh4+ Kxh4 48.Rxh6+ Kg5 49.Re6 Kf4 50.Ke2 Ra3
51.Re8 Ra2+ 52.Ke1 d4 53.Re7 Ra1+ 54.Kd2 d3 55.Rf7+ Kg4 56.Rf8 Ra2+ 57.Ke1 Ra5
58.Rg8+ Kf4  0-1

[Event "San Francisco"]
[Site "San Francisco"]
[Date "1995.??.??"]
[Round "11"]
[White "Kortschnoj, Viktor"]
[Black "Nunn, John DM"]
[Result "1/2-1/2"]
[WhiteElo "2635"]
[BlackElo "2630"]

1.Nf3 Nf6 2.c4 g6 3.b4 Bg7 4.Bb2 O-O 5.e3 d6 6.d4 c5 7.a3 cxd4 8.exd4 e5
9.Be2 e4 10.Nfd2 d5 11.O-O Nc6 12.b5 Ne7 13.Nc3 Re8 14.Re1 Nf5 15.Nf1 dxc4
16.Bxc4 Nxd4 17.Ng3 Bg4 18.Nce2 Nxe2+ 19.Bxe2 Qxd1 20.Raxd1 Bxe2 21.Rxe2 Rad8
22.Rxd8 Rxd8 23.Bxf6 Bxf6 24.Rxe4 Rd2 25.Nf1 Ra2 26.a4 Bc3 27.g4 Ba5  1/2-1/2

[Event "Bundesliga 9596"]
[Site "Germany"]
[Date "1996.??.??"]
[Round "?"]
[White "Atlas, Valeri"]
[Black "Nunn, John DM"]
[Result "0-1"]
[WhiteElo "2440"]
[BlackElo "2605"]

1.e4 c5 2.Nf3 e6 3.d4 cxd4 4.Nxd4 Nf6 5.Nc3 Nc6 6.g3 Qb6 7.Nb3 Bb4 8.Be3 Qd8
9.Bd2 d5 10.exd5 Nxd5 11.Ne4 O-O 12.Bxb4 Ndxb4 13.a3 Qxd1+ 14.Kxd1 Rd8+ 15.Kc1 Nd5
16.c4 Nde7 17.Kc2 e5 18.Bg2 Bg4 19.Rae1 Rac8 20.Kb1 b6 21.Rc1 f5 22.Nc3 e4
23.c5 Ne5 24.cxb6 axb6 25.Rc2 Bh5 26.Nc1 N7c6 27.N1e2 Bf7 28.Rd1 Bb3 29.Rxd8+ Rxd8
30.Bf1 Bxc2+ 31.Kxc2 Nf3 32.g4 Nxh2 33.Bg2 Nxg4 34.Bh3 h5 35.Nf4 Nxf2 36.Bf1 Nd4+
37.Kb1 h4 38.Bc4+ Kh7 39.Ne6 Nxe6 40.Bxe6 g6 41.Ne2 h3  0-1

[Event "Bundesliga 9596"]
[Site "Germany"]
[Date "1996.??.??"]
[Round "?"]
[White "Kindermann, Stefan"]
[Black "Nunn, John DM"]
[Result "1/2-1/2"]
[WhiteElo "2565"]
[BlackElo "2615"]

1.e4 c5 2.Nf3 e6 3.d4 cxd4 4.Nxd4 Nf6 5.Nc3 Nc6 6.Ndb5 d6 7.Bf4 e5 8.Bg5 a6
9.Na3 b5 10.Bxf6 gxf6 11.Nd5 f5 12.exf5 Bxf5 13.c3 Bg7 14.Nc2 Be6 15.g3 O-O
16.Bg2 a5 17.O-O Rb8 18.Qh5 f5 19.Nce3 Kh8 20.Rad1 Qd7 21.g4 fxg4 22.Be4 Bg8
23.Nf5 Bf7 24.Qg5 Bg6 25.Nde3 Bf6 26.Qxg4 Rg8 27.Kh1 Be7 28.Qf3 Nd8 29.Rg1 Nf7
30.Rxg6 Rxg6 31.Nxe7 Qxe7 32.Bxg6 hxg6 33.Rg1 Qe6 34.Qe4 Kh7 35.f4 Nh6  1/2-1/2